00343 2200157 4500001002100000005001500021035002000036245003900056100001900095250000600114300001100120260002000131082000800151084001400159990001200173INLIS00000000000244120250604102316 a0010-06250000271 aMembuat Sosis /cH. Rahman Rukmana0 aRahman Rukmana a1 a82 hlm bKanisius,c2007 a600 a600 RAH m a0712288